000
00279nam a2200109Ia 4500
008
190914s9999||||xx |||||||||||||| ||und||
100
_a
Philip Kotler
245
0
_a
Marketing Management South Asian Perspective
260
_a
India
_b
S. Chand
_c
2008
300
_a
714
942
_c
BK
999
_c
10116
_d
10116